000 01071nam a2200325Ia 4500
001 Z_1216
003 CHAP
008 220113s9999 xx 000 0 und d
010 _a164304
040 _cCHAP
082 _a636.08557 A53
245 _aAnabólicos y aditivos en la producción pecuaria /
_ceditores Ernesto Avila González, Armando S. Shimada y Gerardo Llamas Lamas
260 _aMéxico :
_bConsultores en Producción Animal :,
_bSistema de Educación Continua en Producción Animal en México,
_c
300 _axix, 253 p.
503 _aej.1: C/E \ ej.2: C/E \ ej.3: C/E \ej.4: C/E \ ej.5: C/E
504 _aIncluye bibliografía
650 _aAditivos alimentarios
_9138423
650 _aAditivos para ensilaje
_9138424
650 _aAgentes aglutinantes
_9138425
650 _aAlimentación de animales
_9138426
650 _aFermentación ruminal
_9138427
650 _aNutrición animal
650 _aSaborizantes
_9101115
901 _a636.08557 A53
902 _aM
910 _a
942 _c1
942 _cc1
999 _c164304
_d164304